| 000 | 00349 a2200145 4500 | ||
|---|---|---|---|
| 001 | 65661 | ||
| 082 | _a658.155 DEG | ||
| 090 |
_c38356 _d38356 |
||
| 100 | _aDegarmo, paul E | ||
| 245 | _aEngineering Economy, 10th Ed | ||
| 250 | _a10 | ||
| 260 |
_aN.J _bPrentice-Hall _c1997 |
||
| 300 |
_axx, 647 p _bphotocopy |
||
| 500 | _aBE textbook IE dept | ||
| 942 |
_aNUST-CAE _k658.155 DEG |
||
| 999 |
_c300734 _d300734 |
||